| 000 | 01508nam0a2200385 4500 | ||
|---|---|---|---|
| 001 | RU\NLR\BIBL_A\011185849 | ||
| 005 | 20260406145546.0 | ||
| 010 |
_a978-5-699-86975-6 _92500 |
||
| 021 |
_aRU _b2016-54722 _93475 |
||
| 035 | _a(NILC)RuMoRGB-008545897 | ||
| 035 | _a(NLR Aleph) 011185849 | ||
| 090 |
_a11841037 _c11841037 |
||
| 100 | _a20160729d2016 |||y0rusy50 ca | ||
| 101 | 0 |
_arus _aeng |
|
| 102 | _aRU | ||
| 105 | _ay z 000zy | ||
| 200 | 1 |
_aВеликий Гэтсби _dThe great Gatsby _e[индуктивный метод чтения] _fФрэнсис Скотт Фицджеральд _g[адапт. Н. Самуэльян] _zeng |
|
| 210 |
_aМосква _cЭксмо _d2016 |
||
| 215 |
_a349 с. _d20 |
||
| 225 | 1 | _aАнтикризисный английский | |
| 300 | _aАвт. также на англ. яз.: Francis Scott Fitzgerald | ||
| 333 | _a12+ | ||
| 510 | 1 |
_6z45790 _aThe great Gatsby _zeng |
|
| 606 | 1 |
_aАнглийский язык _jКниги для чтения _9972309 _3RU\NLR\AUTH\6646032 |
|
| 675 | _a811.111 | ||
| 686 | 1 | _aШ143.21-93рус91 | |
| 700 | 1 |
_8rus _7ca _aФицджеральд _bФ. С. _f1896-1940 _gФрэнсис Скотт _3RU\NLR\AUTH\774722 _9114699 |
|
| 790 | 1 |
_8eng _7ba _aFitzgerald _bF. S. _f1896-1940 _gFrancis Scott _3RU\NLR\AUTH\774723 _9114700 |
|
| 801 | 0 |
_aRU _bRuMoRKP _c20160712 _gRCR |
|
| 801 | 2 |
_aRU _bРГБ _c20160715 _grcr |
|
| 942 | _cBOOK | ||
| 980 | _aNBR | ||
| 980 | _aNB | ||